000 01475cam a2200349 a 4500
999 _c44
_d44
001 15011858
003 GZU
005 20200630113836.0
008 070918s2008 mau b 000 0 eng
010 _a 2007038645
020 _a9780073386614 (pbk. : alk. paper)
020 _a0073386618 (pbk. : alk. paper)
040 _aDLC
_cDLC
_dDLC
050 0 0 _aB72
_bRAC 2008
082 0 0 _222
245 0 4 _aThe truth about the world :
_bbasic readings in philosophy /
_cedited by James Rachels and Stuart Rachels.
250 _a2nd ed.
260 _aBoston :
_bMcGraw-Hill Higher Education,
_cc2008.
300 _ax, 324 p. ;
_c22 cm.
500 _aIncludes bibliographical references
504 _aIncludes bibliographical references.
505 0 _aPlato -- God -- The mind -- Freedom -- Knowledge -- Ethics.
650 0 _aPhilosophy.
700 1 _aRachels, James,
_d1941-2003.
700 1 _aRachels, Stuart,
_d1969-
856 4 2 _3Contributor biographical information
_uhttp://www.loc.gov/catdir/enhancements/fy0743/2007038645-b.html
856 4 2 _3Publisher description
_uhttp://www.loc.gov/catdir/enhancements/fy0743/2007038645-d.html
856 4 1 _3Table of contents only
_uhttp://www.loc.gov/catdir/enhancements/fy0743/2007038645-t.html
906 _a7
_bcbc
_corignew
_d1
_eecip
_f20
_gy-gencatlg
942 _2lcc
_cBK
_e2nd
_h72
_iRAC
_kB